|
|
|
|
| LEADER |
00659cam a2200181 i 4500 |
| 008 |
750724s1975 ii 000 0 eng |
| 082 |
0 |
0 |
|a 954
|
| 100 |
1 |
|
|a Romila Thapar.
|
| 245 |
1 |
4 |
|a The past and prejudice /
|c Romila Thapar.
|
| 260 |
|
|
|a New Delhi :
|b National Book Trust,
|c 1975.
|
| 300 |
|
|
|a 70 p. ;
|c 21 cm.
|
| 490 |
0 |
|
|a Patel memorial lectures ; 1971
|
| 651 |
|
0 |
|a India
|x Civilization.
|
| 653 |
|
|
|a India
|a Civilization
|a Historiography
|
| 906 |
|
|
|a 7
|b cbc
|c orignew
|d 4
|e ncip
|f 19
|g y-gencatlg
|
| 942 |
|
|
|c BK
|
| 999 |
|
|
|c 278032
|d 278032
|
| 952 |
|
|
|0 0
|1 0
|2 ddc
|4 0
|6 954_000000000000000_ROM_P
|7 0
|9 312669
|a PHL
|b PHL
|c ST1
|d 2017-04-11
|i 2079
|l 0
|o 954 ROM/P
|p PHL2079
|r 2017-04-11
|y BK
|